000 00471nam a2200181Ia 4500
003 LK-CoDNM
005 20230917093042.0
008 010623t1919 xxu||||| |||| 00| 1 eng d
040 _aLK-CoDNM
_dLK-CoDNM
_eLK-CoDNM
041 _aeng
_atam
080 _a12H5
100 _aPillay,A.Mootootamby.
245 _aThe English-English-Tamil Dictionary
260 _bThe Navalar Press
_aJaffna
_c1919
300 _b1332p., 21 cm
650 _aTamil Equivalents
942 _cBK
999 _c89731
_d89731